Responsabilidad extracontractual
Сохранить в:
| Главный автор: | |
|---|---|
| Формат: | |
| Язык: | испанский |
| Опубликовано: |
Santiago
Jurídica de Chile
1999
|
| Редактирование: | 1a. ed |
| Предметы: | |
| Метки: |
Добавить метку
Нет меток, Требуется 1-ая метка записи!
|
MARC
| LEADER | 00000nam a2200000 a 4500 | ||
|---|---|---|---|
| 001 | UCH0002 | ||
| 003 | CL-VaPUC | ||
| 008 | 090108e19990000CL |||||||||||||||||spa|d | ||
| 020 | |a 9561012731 | ||
| 082 | 0 | 4 | |a 346.8302 |b ROD |2 21 |
| 100 | 0 | |a Rodríguez Grez, Pablo |e author |9 534073 | |
| 245 | 1 | 0 | |a Responsabilidad extracontractual |
| 250 | |a 1a. ed | ||
| 300 | |a 505 p | ||
| 942 | |c BK | ||
| 945 | |d 20090108 00:00:00 |a rbrito | ||
| 260 | |a Santiago |b Jurídica de Chile |c 1999 | ||
| 650 | 0 | |a Responsabilidad extracontractual |9 336742 | |
| 650 | 0 | |a Derecho civil |9 255013 | |
| 650 | 0 | |a Responsabilidad penal |9 254899 | |
| 650 | 0 | |a Actos ilícitos |9 258712 | |
| 650 | 7 | |a IMPUTABILIDAD |2 CL-VaPUC |9 383598 | |
| 650 | 7 | |a PRESUNCION DE CULPA |2 CL-VaPUC |9 534074 | |
| 650 | 7 | |a REPARACION DEL DAÑO |2 CL-VaPUC |9 530790 | |
| 583 | |a last modification |c 20170406 11:29:48 |k Rodrigo Vera | ||
| 999 | |c 332424 |d 332422 | ||
| 952 | |0 0 |1 0 |4 0 |6 346_830200000000000_ROD_1999 |7 0 |8 A |9 420108 |a BIBDER |b BIBDER |d 2019-11-22 |i 4509129 |l 5 |o 346.8302 ROD 1999 |p 4509129 |r 2023-10-02 |s 2023-09-29 |w 2019-11-22 |y BK |k DER | ||